00977cam a2200229 4500001000800000005001700008008004100025010001700066020002000083040001800103050002100121110002900142245007600171260009900247300003500346500020500381504003000586600003200616700002300648710004600671710003000717228643420170119090836.0710301s1971 mduac bc 000 0 eng  a 79145411  a0912298014(pbk) aDLCcDLCdDLC00aNC248.M4C32 19712 aBaltimore Museum of Art.10aMatisse as a draughtsman.cIntrod. and commentary by Victor I. Carlson. a[Baltimore];bDistributed for the museum by New York Graphic Society, Greenwich, Conn.c[1971] a191 p.billus., ports.c26 cm. aCatalogue of an exhibition: Baltimore Museum of Art, 12 Jan.-21 Feb., 1971. California Palace of the Legion of Honor, San Francisco, 20 Mar.-9 May 1971. Art Institute of Chicago, 26 May-10 July, 1971. aBibliography: p. 188-191.10aMatisse, Henri,d1869-1954.1 aCarlson, Victor I.2 aCalifornia Palace of the Legion of Honor.2 aArt Institute of Chicago.